[Event "Gibraltar Amateur op-A"]
[Site "Caleta"]
[Date "2018.01.23"]
[Round "2"]
[White "Stamenov, Valeri"]
[Black "Khoo Thwe, Louis"]
[Result "1-0"]
[WhiteElo "1803"]
[BlackElo "1724"]
[PlyCount "135"]
[EventDate "2018.01.22"]
[EventType "swiss"]
[EventRounds "5"]
[EventCountry "GGB"]
[SourceTitle "EXT 2019"]
[Source "ChessBase"]
[SourceDate "2018.10.10"]
[SourceVersion "1"]
[SourceVersionDate "2018.10.10"]
[SourceQuality "1"]

1. e4 e5 2. Nf3 Nc6 3. Bc4 Bc5 4. 0-0 Nf6 5. d4 Bxd4 6. Nxd4 Nxd4 7. f4 Qe7 8. fxe5 Qxe5 9. Be3 Nc6 10. Nc3 0-0 11. Rf5 Qe7 12. Bg5 d5 13. Bxf6 Qc5+ 14. Kh1 Bxf5 15. Bxd5 Bg6 16. Bh4 Rab8 17. Bg3 Nb4 18. Bb3 Rbd8 19. Qf3 Nc6 20. Qf4 Rd7 21. Rf1 Nd4 22. Bf2 Qb6 23. Nd5 Qe6 24. Bxd4 Qxe4 25. Qxe4 Bxe4 26. Bc5 Bxd5 27. c4 Bc6 28. Bxf8 Kxf8 29. Rf2 Rd3 30. h3 Rxh3+ 31. Kg1 Re3 32. Rd2 Ke7 33. Kf2 Re5 34. Bc2 Rg5 35. Kf1 f5 36. b3 g6 37. b4 a6 38. Bd1 Be4 39. a4 Rg3 40. c5 Rd3 41. Rxd3 Bxd3+ 42. Kf2 c6 43. Ke3 Bc4 44. Kd4 Bd5 45. g3 Ke6 46. Be2 Bb3 47. b5 axb5 48. axb5 Ba4 49. Bc4+ Kf6 50. b6 Bd1 51. Ba6 Ke6 52. Bxb7 Kd7 53. Ba6 Bc2 54. Ke5 g5 55. Bc4 h5 56. Be6+ Kd8 57. Kd6 Bb3 58. Bxf5 Ke8 59. b7 Kf7 60. b8Q Bd5 61. Qd8 h4 62. gxh4 gxh4 63. Qxh4 Bf3 64. Qe7+ Kg8 65. Ke5 Bh5 66. Kf6 Bf7 67. Qxf7+ Kh8 68. Qg7# 1-0

[Event "Oslo op"]
[Site "Fornebu"]
[Date "2017.10.05"]
[Round "8"]
[White "Khoo Thwe, Louis"]
[Black "Ronneland, Daniel"]
[Result "0-1"]
[WhiteElo "1653"]
[BlackElo "2218"]
[PlyCount "108"]
[EventDate "2017.09.29"]
[EventType "swiss"]
[EventRounds "10"]
[EventCountry "NOR"]
[SourceTitle "CBM 181 Extra"]
[Source "ChessBase"]
[SourceDate "2017.12.12"]
[SourceVersion "1"]
[SourceVersionDate "2017.12.12"]
[SourceQuality "1"]

1. e4 d6 2. d4 g6 3. Nf3 Bg7 4. c4 Nf6 5. Nc3 0-0 6. Be2 Nbd7 7. 0-0 e5 8. d5 a5 9. a3 Nc5 10. Qc2 a4 11. Be3 Nfd7 12. Nd2 f5 13. f3 f4 14. Bf2 g5 15. g4 fxg3 16. hxg3 b6 17. Nd1 g4 18. fxg4 Qg5 19. Be3 Rxf1+ 20. Kxf1 Qg6 21. Kg2 Nb3 22. Nxb3 axb3 23. Qxb3 Qxe4+ 24. Bf3 Qg6 25. Nf2 Nc5 26. Bxc5 bxc5 27. Be4 Qg5 28. Qd3 h6 29. Bf5 e4 30. Nxe4 Bxf5 31. gxf5 Qxf5 32. Nxc5 Qe5 33. Nb3 Qxb2+ 34. Kg1 Rb8 35. Rb1 Qxa3 36. Kh1 Re8 37. Qg6 Rb8 38. Qd3 Rb4 39. Kg2 Kh8 40. Re1 Qb2+ 41. Kh3 Rb8 42. Re2 Qf6 43. Na5 Qf1+ 44. Kh2 Rf8 45. Qe3 Rf5 46. Qe8+ Bf8 47. Nc6 Qf3 48. Rg2 Rh5+ 49. Kg1 Qd1+ 50. Kf2 Rf5+ 51. Ke3 Qf3+ 52. Kd4 Qxg2 53. Ne7 Qf2+ 54. Kd3 Rf3+ 0-1

[Event "Oslo op"]
[Site "Fornebu"]
[Date "2017.09.30"]
[Round "2"]
[White "Khoo Thwe, Louis"]
[Black "Abdrlauf, Elham"]
[Result "1-0"]
[WhiteElo "1653"]
[BlackElo "1899"]
[PlyCount "111"]
[EventDate "2017.09.29"]
[EventType "swiss"]
[EventRounds "10"]
[EventCountry "NOR"]
[SourceTitle "CBM 181 Extra"]
[Source "ChessBase"]
[SourceDate "2017.12.12"]
[SourceVersion "1"]
[SourceVersionDate "2017.12.12"]
[SourceQuality "1"]

1. d4 d5 2. Nf3 Nf6 3. c4 dxc4 4. Nc3 e6 5. Bf4 Bb4 6. e3 Nd5 7. Qc2 Nxf4 8. exf4 Nc6 9. Bxc4 Nxd4 10. Nxd4 Qxd4 11. Qa4+ Bd7 12. Qxb4 0-0-0 13. 0-0 Qxf4 14. Rac1 Kb8 15. Qb3 Bc6 16. Bb5 Bxb5 17. Nxb5 c6 18. Na3 Rd4 19. Nc4 Qc7 20. a4 Rhd8 21. a5 Rd3 22. Qb4 R3d4 23. a6 b5 24. Qb3 Rd3 25. Rc3 Rxc3 26. bxc3 Ka8 27. Ne3 Qb6 28. Ra1 Qc5 29. c4 Rb8 30. cxb5 Qxb5 31. Qc3 f6 32. h3 Rb6 33. Ra5 Qb1+ 34. Kh2 Qb4 35. Qa1 Qf4+ 36. Kg1 Qe4 37. Qa2 Rb1+ 38. Kh2 Qf4+ 39. g3 Qe4 40. Ng2 Rc1 41. Qa3 Qb1 42. Qf8+ Qb8 43. Qxg7 Rb1 44. Qd7 Rb6 45. Qxe6 Qc7 46. Qxf6 Rb8 47. Rc5 Rb6 48. Qf8+ Rb8 49. Qf3 Rb6 50. Qe2 Qd7 51. Nf4 Qc8 52. Ne6 h5 53. Rxh5 Rb1 54. Qe5 c5 55. Rh8 Rb8 56. Qd5+ 1-0